Statistics for Top 100 NBA Point Leaders

Click here to take the quiz!

General Stats

  • This quiz has been taken 61 times
    (14 since last reset)
  • The average score is 62 of 100

Answer Stats

Player % Correct
Kareem Abdul-Jabbar
100%
Kevin Garnett
100%
Joe Johnson
100%
Magic Johnson
100%
Kevin Durant
100%
Jeff Malone
100%
Chris Paul
100%
Eddie Johnson
100%
Jerry West
100%
Karl Malone
100%
Kobe Bryant
100%
Michael Jordan
100%
LeBron James
100%
Wilt Chamberlain
100%
Moses Malone
100%
Shaquille O'Neal
100%
Hakeem Olajuwon
92%
Allen Iverson
92%
John Stockton
92%
Russell Westbrook
92%
Steve Nash
92%
Oscar Robertson
92%
Dirk Nowitzki
92%
Clyde Drexler
92%
Charles Barkley
92%
Elvin Hayes
92%
Paul Pierce
92%
Scottie Pippen
83%
Tim Duncan
83%
Patrick Ewing
83%
James Harden
83%
Jason Kidd
83%
Ray Allen
83%
Larry Bird
83%
Reggie Miller
83%
Vince Carter
83%
Elgin Baylor
83%
Clifford Robinson
75%
Tracy McGrady
75%
Dominique Wilkins
75%
Julius Erving
75%
Pau Gasol
75%
Lenny Wilkens
75%
David Robinson
75%
Dwyane Wade
75%
Carmelo Anthony
75%
Bob Cousy
75%
Kevin McHale
67%
Rick Barry
67%
Isiah Thomas
67%
Chris Mullin
67%
Tony Parker
67%
George Gervin
67%
John Havlicek
67%
Alex English
67%
Robert Parish
67%
Bob Pettit
67%
Gary Payton
67%
Walter Davis
58%
Buck Williams
58%
Chris Webber
58%
Bob McAdoo
58%
Dwight Howard
58%
Bernard King
50%
Dolph Schayes
50%
Mitch Richmond
50%
Adrian Dantley
50%
Chris Bosh
50%
LaMarcus Aldridge
42%
Rolando Blackman
42%
Grant Hill
42%
Tom Chambers
42%
Michael Finley
33%
Walt Bellamy
33%
Nate Archibald
33%
Mark Aguirre
33%
Gail Goodrich
25%
Antawn Jamison
25%
Dale Ellis
25%
Elton Brand
25%
Bob Lanier
25%
Chet Walker
25%
Zach Randolph
25%
Kevin Willis
25%
Jack Sikma
25%
Glen Rice
25%
Earl Monroe
25%
Dave Bing
25%
Lou Hudson
25%
Shawn Marion
25%
Jamal Crawford
17%
Jason Terry
17%
Calvin Murphy
17%
Hal Greer
8%
World B. Free
8%
Terry Cummings
8%
Latrell Sprewell
8%
Reggie Theus
8%
Bailey Howell
8%
Otis Thorpe
0%

Score Distribution

Percentile by Number Answered

Percent of People with Each Score

Your Score History

You have not taken this quiz since the last reset